000 00377nam a2200145Ia 4500
008 210716s1991 xx 000 0 und d
041 _aeng
082 _a004.68 CROP
100 _aCroucher, Phil.
245 _aNovell netware companion.
250 _a1
260 _aNew Delhi
_bGalgotia Publications Pvt Ltd
_c1991
300 _a248
650 _aLocal Area Networks(004.68)
999 _c182023
_d182023